| 000 | 00416nam a22001337a 4500 | ||
|---|---|---|---|
| 082 |
_a367.7 _bLAM _cD |
||
| 100 |
_aLampeietti, Julian A. _938120 |
||
| 245 |
_aTaking stock of national environmental strategies. _cJulian A. Lampietti. |
||
| 260 |
_aWashigton : _bWorld Bank's Environment Department, _c1995. |
||
| 300 | _a53 p. : | ||
| 526 |
_a0 _b0 _c0 _d367_700000000000000_LAM |
||
| 650 |
_aMCE _9379 |
||
| 942 |
_2ddc _cBK |
||
| 999 |
_c542786 _d542786 |
||